书目信息 |
| 题名: |
中级财务会计
|
|
| 作者: | 崔凤鸣 主编 | |
| 分册: | ||
| 出版信息: | 北京 经济科学出版社 2006.03 |
|
| 页数: | 348页 | |
| 开本: | 20cm | |
| 丛书名: | ||
| 单 册: | ||
| 中图分类: | F234.4 | |
| 科图分类: | ||
| 主题词: | 会计 | |
| 电子资源: | ||
| ISBN: | 7-5058-5402-X | |
| 000 | 00576nam0 2200217 45 | |
| 001 | 0952582605 | |
| 005 | 20091101143723.68 | |
| 010 | @a7-5058-5402-X@dCNY32.00 | |
| 100 | @a20090515d2006 ekmy0 y0120 ea | |
| 102 | @aCN@b130000 | |
| 102 | @aCN@b110000 | |
| 105 | @ay z 000yy | |
| 200 | 1 | @a中级财务会计@f崔凤鸣主编@Fcui feng ming zhu bian |
| 210 | @a北京@c经济科学出版社@d2006.03 | |
| 215 | @a348页@d20cm | |
| 606 | 0 | @a会计 |
| 690 | @aF234.4@v4 | |
| 701 | 0 | @a崔凤鸣@Acui feng ming@4主编 |
| 801 | 0 | @aCN@c20091101 |
| 905 | @a10447@dF234.4@eC967 | |
| 906 | @d32@n3@r1 | |
| 中级财务会计/崔凤鸣主编.-北京:经济科学出版社,2006.03 |
| 348页;20cm |
| ISBN 7-5058-5402-X:CNY32.00 |
| ● |
| 相关链接 |
|
|
|
正题名:中级财务会计
索取号:F234.4/C967
 
预约/预借
| 序号 | 登录号 | 条形码 | 馆藏地/架位号 | 状态 | 备注 |
| 1 | 891416 | 208914166 | 社科库409/409社科库 77排4列5层/ [索取号:F234.4/C967] | 在馆 | |
| 2 | 891417 | 208914175 | 社科库409/409社科库 77排4列5层/ [索取号:F234.4/C967] | 在馆 | |
| 3 | 891418 | 208914184 | 社科库409/409社科库 77排4列5层/ [索取号:F234.4/C967] | 在馆 |